000 00654nam a2200217 a 4500
001 23016
003 CO-ViMGA
008 141112s2004 ck r 000 u spa d
020 _a9580481741
040 _aCO-ViMGA
_bspa
_cCO-ViMGA
082 0 4 _aBERp
100 1 _aBerton, Agnès
_933083
245 1 0 _aPerdido entre los brujos :
_bUna bruja en mi morral
260 _aColombia :
_bNormal
300 _a64p.
505 _aPerdido entre los brujos, Convertido en rata, Una bruja en mi morral
650 1 4 _aBRUJAS - CUENTOS INFANTILES
650 1 4 _aCUENTOS INFANTILES FRANCESES
_97840
650 1 4 _aMIEDO - CUENTOS INFANTILES
_933084
942 _2ddc
_cBK
999 _c31302
_d31302